000 00535nam a22002417a 4500
003 UA-OsUOA
001 26241
007 ta
008 20040524b un ||||| |||| 00| 0 ukr d
100 _aХургин Я.И.
090 _a51
_bХ98
942 _cBK
040 _aUA-OsUOA
_brus
_cUA-OsUOA
_dUA-OsUOA
245 _aНу и что?
300 _a320 с.
955 _a0
041 _arus
080 _a51
260 _aМосква
_bМолодая гвардия
_c1967
044 _aRU
650 7 _2UDC
999 _c312560
_d312560